000 01148nam2a22002411 4500
001 rc\412571
005 20250621165157.0
010 _a5-280-00355-7
035 _a(NLR Aleph) 005815573
090 _a5427291
_c5427291
100 _a20030616d1988 |||y0rusy50 ca
101 0 _arus
102 _aRU
105 _ay |||||||||
200 1 _aГлаза погребенных
_eРоман
_f[Пер. Ю. Дашкевича]
215 _a605, [2] с.
461 0 _1001rc\412569
_12001#$aИзбранные произведения$eВ 2 т.$eПер. с исп.$fМигель Анхель Астуриас$g[Предисл. Л. Осповата, с. 5-24$gКоммент. Г. Ершовой]$vТ. 2
_1700#1$aАстуриас$bМ. А.$f1899-1974$gМигель Анхель$3RU\NLR\AUTH\770261165
_95427274
_aАстуриас, М. А. (1899-1974)
_cМ.
_d1988
_fМигель Анхель Астуриас
_nХудож. лит.
_oВ 2 т. : Пер. с исп.
_tИзбранные произведения
_y5280003530
_vТ. 2
801 0 _aRU
_bNLR
_gpsbo
801 1 _aRU
_bELAR
_2rusmarc
852 _aNLR
_j88-3/3746
942 _cBOOK
980 _aNB